| 000 | 02462nam a22004937a 4500 | ||
|---|---|---|---|
| 001 | 427 | ||
| 003 | FISKH | ||
| 005 | 20230420092805.0 | ||
| 008 | 230420b cb ||||| |||| 00| 0 eng d | ||
| 020 | _a9780142410332 | ||
| 035 | _a(OCoLC)ocn966392642 | ||
| 040 |
_aYDX _beng _cYDX _erda _dBDX _dSMDRL _dCHILD _dEHH _dOCLCF _dJAS _dSLPLM _dFLWMD _dKUA _dJDP _dOCLCO _dAU@ _dOCL _dWYG _dOCLCO _dOCL _dOCLCA _dDLC _dFISKH |
||
| 042 | _alccopycat | ||
| 050 | 0 | 0 |
_aPZ7.D1515 _bDan 2017 |
| 082 | 0 | 0 |
_a823.914 _223 |
| 100 | 1 |
_aDahl, Roald, _eauthor. |
|
| 245 | 1 | 0 |
_aDanny the Champion of the World / _cRoald Dahl ; illustrated by Quentin Blake. |
| 264 | 1 |
_aNew York, New York : _bPuffin Books, _c2017. |
|
| 300 |
_a205, 13 pages : _billustrations ; _c20 cm |
||
| 336 |
_atext _btxt _2rdacontent |
||
| 337 |
_aunmediated _bn _2rdamedia |
||
| 338 |
_avolume _bnc _2rdacarrier |
||
| 505 | 0 | _aMachine generated contents note: 1.The Filling Station -- 2.The Big Friendly Giant -- 3.Cars and Kites and Fire Balloons -- 4.My Father's Deep Dark Secret -- 5.The Secret Methods -- 6.Mr. Victor Hazell -- 7.The Baby Austin -- 8.The Pit -- 9.Doc Spencer -- 10.The Great Shooting Party -- 11.The Sleeping Beauty -- 12.Thursday and School -- 13.Friday -- 14.In the Wood -- 15.The Keeper -- 16.The Champion of the World -- 17.The Taxi -- 18.Home -- 19.Rockabye Baby -- 20.Good-bye Mr. Hazell -- 21.Doc Spencer's Surprise. | |
| 520 | _aA young English boy describes his relationship with his father and the special adventure they share together. | ||
| 521 | 8 |
_a770
_bLexile |
|
| 521 | 8 |
_aM
_bRaz-Plus |
|
| 526 | 0 |
_aAccelerated Reader AR _bMG _c4.7 _d6 _z5007. |
|
| 650 | 1 |
_aFathers and sons _vFiction. |
|
| 650 | 7 |
_aPoaching. _2fast _0(OCoLC)fst01067580 |
|
| 650 | 7 |
_aParent and child. _2fast _0(OCoLC)fst01053308 |
|
| 650 | 7 |
_aHumorous stories. _2fast _0(OCoLC)fst00963818 |
|
| 650 | 7 |
_aFathers. _2fast _0(OCoLC)fst00921865 |
|
| 650 | 7 |
_aCriminals. _2fast _0(OCoLC)fst00883516 |
|
| 650 | 7 |
_aChildren's stories. _2fast _0(OCoLC)fst00856632 |
|
| 650 | 7 |
_aFathers and sons. _2fast _0(OCoLC)fst00921899 |
|
| 655 | 7 |
_aHumorous fiction. _2lcgft |
|
| 655 | 7 |
_aHumorous fiction. _2fast _0(OCoLC)fst01726649 |
|
| 655 | 7 |
_aFiction. _2fast _0(OCoLC)fst01423787 |
|
| 655 | 7 |
_aJuvenile works. _2fast _0(OCoLC)fst01411637 |
|
| 700 | 1 |
_aBlake, Quentin, _eillustrator. |
|
| 906 |
_a7 _bcbc _ccopycat _d2 _encip _f20 _gy-gencatlg |
||
| 942 |
_2ddc _cBK _n0 |
||
| 999 |
_c427 _d427 |
||